000 00415cam a2200157 a 4500
020 _a0442019157
040 _cDLC
082 0 0 _a628 VAN 1996 A052 Or.
100 1 _aVerschueren, Karel,
245 1 0 _aMaterial environmental data sheets /
260 _aNew York :
_bVan Nostrand Reinhold,
_cc1996.
300 _a1 v. (unpaged) :
_bill. ;
_c29 cm.
500 _aIncludes index.
650 0 _aPollutants
942 _cEK
999 _c14521
_d14521